000 00501nam a2200121Ia 4500
008 220216s9999 xx 000 0 und d
100 _aDas G
245 0 _aSeasonal variation on crop-weather relation in Hevea grown under the sub-Himalayan climate of West Bengal
260 _bIRC 2012. International Rubber Conference, 28-31 October 2012, Kovalam, India, Rubber Research Institute of India, Kottayam and IRRDB, Malaysia: Abstracts. pp.138.
700 _aChaudhuri D
700 _aRaj S
942 _cBS
999 _c49602
_d49602